Obálka Náhled e-knihy:
PDF Epub
Pro půjčování e-knih musíte být přihlášeni.
Jak si půjčit online?

John Barleycorn /

Není mnoho románů, které i po více než sto letech předkládají v každé kapitole tak dramatické a působivé obrázky ze života jednotlivce i společnosti, líčí humorné příběhy a zároveň obsahují i docela aktuální filozofické úvahy tak, jak to činí Jack London ve svém vyprávění z roku 1913 pod ná...

Celý popis

Uloženo v:
Hlavní autor: London, Jack (Autor)
Médium: E-kniha
Jazyk:Czech
Vydáno: Praha : Tribun EU, 2019
Tagy:
Žádné tagy
LEADER 02948nam a22002297i 4500
001 311124
007 ta
008 260601s2019 xr ||||| |||| 00| 0 cze d
020 |a 9990002031175 
044 |a xr 
100 1 |a  London, Jack  |4 aut 
245 1 0 |a John Barleycorn /  |c  London, Jack 
264 1 |a Praha :  |b Tribun EU,  |c 2019 
300 |a 1 online zdroj (283 stran) 
336 |a text  |b txt  |2 rdacontent 
337 |a bez média  |b n  |2 rdamedia 
338 |a online zdroj  |b cr  |2 rdacarrier 
520 2 |a Není mnoho románů, které i po více než sto letech předkládají v každé kapitole tak dramatické a působivé obrázky ze života jednotlivce i společnosti, líčí humorné příběhy a zároveň obsahují i docela aktuální filozofické úvahy tak, jak to činí Jack London ve svém vyprávění z roku 1913 pod názvem „John Barleycorn“. Autor, známý podle svých dalších románů také jako „námořník na koni“ či „tulák po hvězdách“, pracující svého času  i jako zlatokop na Klondike nebo válečný zpravodaj, jindy zas tulák cestující po celých Spojených státech, se tentokrát místy zpovídá ze své závislosti na alkoholu, která se svými důsledky nakonec stala pro něho i osudnou a způsobila jeho předčasný odchod ze života v pouhých čtyřiceti letech věku. Nechává se ve svém líčení doprovázet alegorickou postavou Johnnyho Barleycorna, vypůjčeného ze staré skotské balady a uvedené v závěru knihy v originále i překladu, zprvu zdánlivě žoviálního a, zábavného, přátelsky vystupujícího chlapíka, avšak zároveň mistra převleků, přeměn a převtělení, vyvolávače příjemných nálad, iluzí a přeludů, tvůrce lákadel  a pastí, našeptávače lží a fantasmagorií, který se nakonec může stát zákeřným a nebezpečným zloduchem, vysílajícím své oběti do nenávratna bez jakýchkoli skrupulí. Zákeřnost je právě v jeho dvojakosti a rozpornosti. Na  rozdíl od předchozích vydání tento překlad se záměrně vyhýbá při líčení této bytosti dřívějším obrazům jednoznačně temného Démona nebo pohádkového Ječmínka. I tak může tento román ve svých pestrých a mnohdy exotických pasážích, odehrávajících se  v Sanfranciském zálivu, Japonsku či na Havaji, poskytnout dobré rozptýlení i důvody k zamyšlení nad stále přítomnými a obtížně zdolávanými nástrahami světa kolem nás.     
910 |a RBIT002 
998 |d 203117  |a https://core.palmknihy.cz/api/books/203117/cover?q2rx08  |b https://core.palmknihy.cz/api/books/203117/cover/400?q2rx08  |c https://core.palmknihy.cz/api/books/203117/cover/50?q2rx08  |e   |g 283  |i 9990002031175  |j https://core.palmknihy.cz/api/books/203117/preview.epub  |k https://core.palmknihy.cz/api/books/203117/preview.pdf  |l   |q 49  |r 1  |s https://www.palmknihy.cz/kniha/203117  |t ebook  |y 2019  |z 1 
999 |d 311122